000
00298nam a22001457a 4500
008
230529b ||||| |||| 00| 0 eng d
020
_a
9782264019035
041
_a
FRA
080
_a
82
082
_a
82SHA
100
_a
38
101
_a
GJL
245
_a
WILT 3
_c
SHARPE TOM
942
_2
udc
_c
BK
999
_c
59854
_d
59854